مكتبة جامعة عجلون الوطنية

فهرس بحث المكتبة

Normal view MARC view
  • الطلاق-اسباب الطلاق-قانون الاسرة المسلمة-الاحكام الفقهية

Entry Topical Term

Number of records used in: 1

001 - CONTROL NUMBER

  • control field: 63154

003 - CONTROL NUMBER IDENTIFIER

  • control field: JO-AjAnu

005 - DATE AND TIME OF LATEST TRANSACTION

  • control field: 20230606084318.0

008 - FIXED-LENGTH DATA ELEMENTS

  • fixed length control field: 230606|| aca||aabn | a|a d

040 ## - CATALOGING SOURCE

  • Original cataloging agency: JO-AjAnu
  • Transcribing agency: JO-AjAnu

150 ## - HEADING--TOPICAL TERM

  • Topical term or geographic name entry element: الطلاق-اسباب الطلاق-قانون الاسرة المسلمة-الاحكام الفقهية

670 ## - SOURCE DATA FOUND

  • Source citation: Work cat.: (JO-AjAnu)32199: العلي، علي، م مشارك خولة خريبط خلف, author 63153, الطلاق واسبابه في ضوء التغيرات الاجتماعية والثقافية